[Event "Trophee Roza Lallemand Online"]
[Site "Tornelo INT"]
[Date "2020.12.13"]
[Round "9"]
[White "Andre, Marine"]
[Black "Denis, Monique"]
[Result "1-0"]
[WhiteElo "1775"]
[BlackElo "1442"]
[PlyCount "131"]
[EventDate "2020.12.13"]
[EventType "swiss (rapid)"]
[EventRounds "9"]
[EventCountry "USA"]
[SourceTitle "EXT 2022"]
[Source "ChessBase"]
[SourceDate "2021.10.06"]
[SourceVersion "1"]
[SourceVersionDate "2021.10.06"]
[SourceQuality "1"]

1. e4 e5 2. Nf3 d6 3. Bc4 h6 4. Nc3 Nf6 5. h3 a6 6. a4 Be7 7. 0-0 0-0 8. d3 c5 9. Be3 Nc6 10. Nd5 Nh7 11. c3 Kh8 12. Nxe7 Qxe7 13. Nh2 f5 14. exf5 Bxf5 15. Qh5 Qf6 16. Rad1 Bg6 17. Qe2 Rad8 18. Bd5 Ng5 19. f4 exf4 20. Bxf4 Qe7 21. Qd2 Ne5 22. Bxg5 hxg5 23. Nf3 Nxf3+ 24. Rxf3 Rxf3 25. Bxf3 Rf8 26. Re1 Qf6 27. Bxb7 Bxd3 28. Rd1 c4 29. Bf3 Qe5 30. b3 d5 31. bxc4 dxc4 32. Re1 Qc5+ 33. Kh1 a5 34. Qe3 Qxe3 35. Rxe3 Kh7 36. Re5 Kh6 37. Rxa5 Rf4 38. Kh2 g6 39. Rc5 Rf6 40. a5 Ra6 41. Bb7 Ra7 42. a6 Kg7 43. Rxg5 Kf6 44. Rc5 Ke6 45. Kg3 Kd6 46. Rc6+ Kd7 47. Rc5 Kd6 48. Ra5 Kc7 49. Kf4 Kb6 50. Re5 Kc7 51. h4 Kd6 52. g4 Bc2 53. h5 gxh5 54. gxh5 Kc7 55. h6 Kb6 56. Re7 Ba4 57. h7 Bc6 58. h8Q Bxb7 59. Rxb7+ Kxa6 60. Rxa7+ Kxa7 61. Qf6 Kb7 62. Ke5 Kc7 63. Kd5 Kd7 64. Qf7+ Kc8 65. Kc6 Kd8 66. Qd7# 1-0

[Event "Trophee Roza Lallemand Online"]
[Site "Tornelo INT"]
[Date "2020.12.13"]
[Round "8"]
[White "Benmesbah, Natacha"]
[Black "Andre, Marine"]
[Result "1-0"]
[WhiteElo "2223"]
[BlackElo "1775"]
[PlyCount "57"]
[EventDate "2020.12.13"]
[EventType "swiss (rapid)"]
[EventRounds "9"]
[EventCountry "USA"]
[SourceTitle "EXT 2022"]
[Source "ChessBase"]
[SourceDate "2021.10.06"]
[SourceVersion "1"]
[SourceVersionDate "2021.10.06"]
[SourceQuality "1"]

1. e4 e5 2. Nf3 Nc6 3. Bc4 Nf6 4. d3 Be7 5. 0-0 0-0 6. a3 d6 7. h3 Bd7 8. Re1 Qc8 9. Kh2 Be6 10. Nbd2 Bxc4 11. Nxc4 Qe6 12. Ng5 Qd7 13. Nf3 d5 14. exd5 Qxd5 15. Ncxe5 Nxe5 16. Nxe5 Bd6 17. d4 Nd7 18. Bf4 f6 19. c4 Qe6 20. Nd3 Bxf4+ 21. Nxf4 Qxc4 22. Rc1 Qa6 23. Qb3+ Kh8 24. Ne6 Rfc8 25. Qg3 g6 26. Nxc7 Qb6 27. Nxa8 Rxa8 28. Qc7 Qxd4 29. Rcd1 1-0

[Event "Trophee Roza Lallemand Online"]
[Site "Tornelo INT"]
[Date "2020.12.13"]
[Round "7"]
[White "Gobeaut, Claudine"]
[Black "Andre, Marine"]
[Result "0-1"]
[WhiteElo "1393"]
[BlackElo "1775"]
[PlyCount "156"]
[EventDate "2020.12.13"]
[EventType "swiss (rapid)"]
[EventRounds "9"]
[EventCountry "USA"]
[SourceTitle "EXT 2022"]
[Source "ChessBase"]
[SourceDate "2021.10.06"]
[SourceVersion "1"]
[SourceVersionDate "2021.10.06"]
[SourceQuality "1"]

1. d4 Nf6 2. Nf3 g6 3. c3 Bg7 4. Bg5 h6 5. Bh4 0-0 6. Nbd2 d6 7. e3 b6 8. Bd3 Nbd7 9. Qc2 Bb7 10. 0-0 e5 11. e4 Qe8 12. d5 Nc5 13. c4 a5 14. b3 Nxd3 15. Qxd3 Nh5 16. Qe2 Nf4 17. Qe3 Qd7 18. Bg3 Nh5 19. Ne1 Rae8 20. f3 Nxg3 21. hxg3 Bc8 22. Rf2 Kh7 23. Nf1 f5 24. Nh2 Qf7 25. Nd3 h5 26. f4 Bh6 27. Qf3 fxe4 28. Qxe4 Bf5 29. Qe2 exf4 30. Qf3 Be4 31. Qd1 Qf5 32. gxf4 Bxd3 33. Nf3 Qxf4 34. Qxd3 Qe3 35. Qf1 Qe4 36. Re1 Qg4 37. Rxe8 Rxe8 38. Nh2 Qd4 39. Kh1 Re7 40. Nf3 Qe4 41. Nh2 Qh4 42. Rf7+ Bg7 43. Rxe7 Qxe7 44. Nf3 Bh6 45. Qb1 Kg7 46. Qb2+ Kh7 47. Qc2 Kg7 48. Qd3 Bf4 49. Qf1 Be3 50. g3 Qf6 51. Kg2 Qb2+ 52. Kh3 Qxa2 53. Qd3 Qf2 54. Nh2 Qf5+ 55. Qxf5 gxf5 56. Nf3 Kg6 57. Kg2 f4 58. gxf4 Bxf4 59. Ne1 h4 60. Kh3 Bg3 61. Nd3 Kf5 62. Nb2 Ke4 63. Nd1 Kd3 64. Kg2 Kc2 65. Ne3+ Kxb3 66. Nf5 a4 67. Ne3 a3 68. Nd1 a2 69. Ne3 a1Q 70. Nf5 Kxc4 71. Ne7 Qb2+ 72. Kh3 Kd4 73. Nc6+ Ke4 74. Kg4 Qg7+ 75. Kh3 Be1 76. Kh2 Qg3+ 77. Kh1 Bf2 78. Ne7 Qg1# 0-1

[Event "Coupe de la Parite"]
[Site "Saint Quentin"]
[Date "2019.06.30"]
[Round "5.3"]
[White "Andre, Marine"]
[Black "Jose Polanco, Kenia"]
[Result "0-1"]
[WhiteElo "1787"]
[BlackElo "1879"]
[PlyCount "94"]
[EventDate "2019.06.??"]
[EventType "team-match"]
[EventRounds "5"]
[EventCountry "FRA"]
[SourceTitle "EXT 2020"]
[Source "ChessBase"]
[SourceDate "2019.10.17"]
[SourceVersion "1"]
[SourceVersionDate "2019.10.17"]
[SourceQuality "1"]

1. e4 c5 2. Nc3 g6 3. f4 Bg7 4. Bc4 e6 5. Nf3 Nc6 6. d3 Nge7 7. 0-0 0-0 8. Qe1 d5 9. Bb3 Nd4 10. f5 Nxb3 11. axb3 exf5 12. Qh4 dxe4 13. dxe4 Nc6 14. Bg5 f6 15. Bh6 Nb4 16. exf5 Bxf5 17. Qc4+ Kh8 18. Bxg7+ Kxg7 19. Qxc5 Nxc2 20. Rxa7 Rxa7 21. Qxa7 Qa8 22. Qc5 Rf7 23. b4 Qe8 24. Nb5 Bd3 25. Nd6 Qe2 26. Qf2 Qxf1+ 27. Qxf1 Bxf1 28. Nxf7 Bxg2 29. Kxg2 Kxf7 30. b5 Ke6 31. Kf2 Kd5 32. Nd2 f5 33. Ke2 Nd4+ 34. Kd3 Nxb5 35. Nf3 Nd6 36. Ng5 h6 37. Nf3 g5 38. b3 Ne4 39. Nd4 Nc5+ 40. Kc3 f4 41. b4 Ne4+ 42. Kd3 Nf2+ 43. Kc3 Ng4 44. h3 Nf2 45. h4 gxh4 46. Nf3 h3 47. Kd2 Ng4 0-1

[Event "Quimper op 5th"]
[Site "Quimper"]
[Date "2014.10.31"]
[Round "2"]
[White "Andre, Marine"]
[Black "Bertrand, Nicolas"]
[Result "0-1"]
[WhiteElo "1735"]
[BlackElo "1938"]
[PlyCount "74"]
[EventDate "2014.10.31"]
[EventType "swiss"]
[EventRounds "7"]
[EventCountry "FRA"]
[SourceTitle "EXT 2016"]
[Source "ChessBase"]
[SourceDate "2015.10.08"]
[SourceVersion "1"]
[SourceVersionDate "2015.10.08"]
[SourceQuality "1"]

1. e4 Nf6 2. e5 Nd5 3. d4 d6 4. Nf3 dxe5 5. Nxe5 c6 6. Bc4 Nd7 7. Nxf7 Kxf7 8. Bxd5+ cxd5 9. Qh5+ g6 10. Qxd5+ e6 11. Qf3+ Qf6 12. Qd3 Qf5 13. Qe2 Nf6 14. 0-0 Bd7 15. c3 Bd6 16. Nd2 Rac8 17. Nc4 Rxc4 18. Qxc4 Bb5 19. Qb3 Bxf1 20. Qxb7+ Be7 21. Kxf1 Ng4 22. f3 Qd3+ 23. Ke1 Nxh2 24. Qc7 Qf1+ 25. Kd2 Qxg2+ 26. Kd3 Qxf3+ 27. Kc2 Qe4+ 28. Kb3 Nf3 29. Bf4 g5 30. Bd6 Qd5+ 31. Kc2 Qxd6 32. Qxa7 h5 33. Qb7 Qh2+ 34. Kd3 Qd2+ 35. Kc4 Qe2+ 36. Kb3 Nd2+ 37. Ka4 Rb8 0-1

[Event "Quimper op 5th"]
[Site "Quimper"]
[Date "2014.10.31"]
[Round "7"]
[White "Andre, Marine"]
[Black "Ferrandi, Bernard"]
[Result "1-0"]
[WhiteElo "1735"]
[BlackElo "1736"]
[PlyCount "25"]
[EventDate "2014.10.31"]
[EventType "swiss"]
[EventRounds "7"]
[EventCountry "FRA"]
[SourceTitle "EXT 2016"]
[Source "ChessBase"]
[SourceDate "2015.10.08"]
[SourceVersion "1"]
[SourceVersionDate "2015.10.08"]
[SourceQuality "1"]

1. e4 e5 2. Nf3 Nc6 3. Bc4 Bc5 4. 0-0 Nf6 5. d4 Bxd4 6. Nxd4 Nxd4 7. Bg5 0-0 8. f4 Ne6 9. Bxe6 fxe6 10. fxe5 h6 11. Bh4 g5 12. exf6 gxh4 13. Qg4+ 1-0

[Event "Quimper op 5th"]
[Site "Quimper"]
[Date "2014.10.31"]
[Round "3"]
[White "Ottl, Eric"]
[Black "Andre, Marine"]
[Result "0-1"]
[WhiteElo "1488"]
[BlackElo "1735"]
[PlyCount "76"]
[EventDate "2014.10.31"]
[EventType "swiss"]
[EventRounds "7"]
[EventCountry "FRA"]
[SourceTitle "EXT 2016"]
[Source "ChessBase"]
[SourceDate "2015.10.08"]
[SourceVersion "1"]
[SourceVersionDate "2015.10.08"]
[SourceQuality "1"]

1. d4 Nf6 2. c4 g6 3. Nc3 Bg7 4. e4 d6 5. f3 0-0 6. Be3 c5 7. d5 e6 8. Qd2 exd5 9. cxd5 a6 10. a4 Nbd7 11. Bh6 Nxe4 12. Nxe4 Qh4+ 13. g3 Qxh6 14. Qxh6 Bxh6 15. Nxd6 Nb6 16. Bc4 Rd8 17. Nxc8 Nxc4 18. b3 Ne3 19. Ne7+ Kf8 20. Ra2 Kxe7 21. Re2 Kf8 22. f4 Nxd5 23. Nf3 Nc3 24. Rd2 Rxd2 25. Nxd2 Re8+ 26. Kf1 Bg7 27. h3 Re2 28. Nb1 Rb2 29. Na3 Rxb3 30. Nc4 Rb1+ 31. Kg2 Rxh1 32. Kxh1 Nxa4 33. Nd6 b5 34. Kg2 c4 35. Kf3 c3 36. Ke2 b4 37. Kd3 b3 38. Nc4 Nb2+ 0-1

[Event "Brest op"]
[Site "Brest"]
[Date "2011.04.23"]
[Round "2"]
[White "Bertrand, Nicolas"]
[Black "Andre, Marine"]
[Result "1-0"]
[WhiteElo "1963"]
[BlackElo "1680"]
[PlyCount "91"]
[EventDate "2011.04.23"]
[EventType "swiss"]
[EventRounds "5"]
[EventCountry "FRA"]
[SourceTitle "EXT 2012"]
[Source "ChessBase"]
[SourceDate "2011.11.24"]
[SourceVersion "1"]
[SourceVersionDate "2011.11.24"]
[SourceQuality "1"]

1. e4 e5 2. Nf3 Nc6 3. Bb5 a6 4. Ba4 d6 5. 0-0 Bd7 6. c3 Nf6 7. Qe2 g6 8. d3 Bg7 9. Rd1 0-0 10. Bb3 Qc8 11. Nbd2 Nd8 12. d4 exd4 13. cxd4 Ne6 14. Nf1 Nh5 15. Ng3 Nef4 16. Qf1 Bg4 17. Nxh5 Nxh5 18. h3 Bxf3 19. gxf3 Qd8 20. Qg2 h6 21. Be3 Kh7 22. f4 Qh4 23. Qg4 Qf6 24. Rac1 c6 25. e5 Qe7 26. Bc2 f5 27. exf6 Qxf6 28. Qxh5 Qe6 29. Qg4 Qf7 30. Kh2 Rg8 31. f5 Kh8 32. Qxg6 Be5+ 33. dxe5 Rxg6 34. fxg6 Qf8 35. exd6 c5 36. Bb3 b6 37. Bf7 Kg7 38. Bf4 Qd8 39. Re1 Qh4 40. Bg3 Qg5 41. Rcd1 Rd8 42. Re5 Qf6 43. Re7 Kf8 44. Re6 Qf5 45. d7 Kg7 46. Be5+ 1-0